000
00321nam a2200133Ia 4500
008
240624s9999 xx 000 0 und d
041
_a
eng
082
_a
823 HOC
100
_a
HOCKING AMANDA
245
_a
CRYSTAL KINGDOM
260
_c
2015
_a
New Delhi
_b
Pan Macmillan
300
_a
409 : p. : cm. ; 19
365
_c
RS
_b
32
999
_c
26796
_d
26796